000 00869nam a2200253Ia 4500
003 OSt
005 20220923211503.0
006 a|||||r|||| 00| 0
007 ta
008 Pun
020 _a9789352045563 (hbk)
_c250
024 _a320,432
037 _b777, 27/02/2017, H.K. Prakashan
_cTextual
040 _aARTS
_cARTS
_bPun
041 _2Pun
_aPun
082 _aO153,2N201:g, Q6
100 _aਸੋਹਨ, ਸਰਬਜੀਤ ਕੌਰ
245 0 _aਹਰਿਭਜਟ ਸਿੰਘ ਦੀ ਨਾਟ-ਕਾਵਿ ਸੰਵੇਦਨਾ
260 _aਚੰਡੀਗੜ
_b ਲੋਕਗੀਤ ਪ੍ਰਕਾFਨ
_c2016
300 _a91ਪ੍ਰ0
_ccm.
650 _aਪੰਜਾਬੀ ਨਾਟਕ
942 _hO153,2N201:g, Q6
_cTEXL
_2CC
999 _c300036
_d300036